[Event "Asian Cities-chT"]
[Site "Khanty-Mansiysk"]
[Date "2024.04.21"]
[Round "1.4"]
[White "Asgharzadeh, Mitra"]
[Black "Battur, Tsolmon"]
[Result "1/2-1/2"]
[WhiteElo "2019"]
[BlackElo "1581"]
[PlyCount "144"]
[EventDate "2024.04.21"]
[EventType "team-swiss"]
[EventRounds "9"]
[EventCountry "RUS"]
[SourceTitle "CB18_2024"]
[SourceDate "2024.05.01"]
[SourceVersion "1"]
[SourceVersionDate "2024.05.01"]
[SourceQuality "2"]
[WhiteTeam "Tehran (W)"]
[BlackTeam "Sukhbaatar"]
[WhiteTeamCountry "IRI"]
[BlackTeamCountry "MGL"]

1. d4 c5 2. c3 Nf6 3. Nf3 e6 4. Bf4 d5 5. e3 Bd6 6. Ne5 Qc7 7. Nd2 Nbd7 8. Nxd7 Bxd7 9. Bg3 e5 10. dxe5 Bxe5 11. Nf3 Bd6 12. Be2 0-0 13. Bxd6 Qxd6 14. 0-0 Rad8 15. Qb3 Qb6 16. Qc2 Rfe8 17. Rfd1 Bg4 18. h3 Bh5 19. Nh4 Bxe2 20. Qxe2 d4 21. Nf3 dxe3 22. fxe3 Rxd1+ 23. Rxd1 Qe6 24. Re1 Qxa2 25. Qb5 Qd5 26. c4 Qc6 27. Qxc6 bxc6 28. Ra1 Rxe3 29. Rxa7 h6 30. Rc7 Re6 31. Nd2 Re2 32. Nf3 Rxb2 33. Ne5 Re2 34. Rc8+ Kh7 35. Nxc6 h5 36. Kf1 Rc2 37. Ne5 Ne4 38. h4 f6 39. Nd7 Rxc4 40. Ke2 Kg6 41. Nb6 Rc3 42. Nd5 Rc1 43. Kd3 Nf2+ 44. Ke2 Rc2+ 45. Ke3 Ng4+ 46. Kd3 Rc1 47. Nf4+ Kf5 48. Nxh5 Ne5+ 49. Kd2 Rg1 50. Nxg7+ Ke4 51. Ne8 Rxg2+ 52. Kc3 Rg3+ 53. Kc2 Kd4 54. Rd8+ Kc4 55. Nd6+ Kb4 56. Rb8+ Ka5 57. h5 c4 58. h6 Rh3 59. Rh8 Kb4 60. h7 Rh2+ 61. Kd1 Nd7 62. Nf7 Kb3 63. Rd8 Rh1+ 64. Ke2 Rh2+ 65. Kd1 Rh1+ 66. Ke2 Rh2+ 67. Ke3 Rh3+ 68. Ke2 Rh2+ 69. Ke3 Rh3+ 70. Ke2 Rh2+ 71. Ke3 Rh3+ 72. Ke2 Rh2+ 1/2-1/2

[Event "Sharjah Cup (Women) 12th"]
[Site "Sharjah"]
[Date "2022.12.16"]
[Round "9"]
[White "Dylag, Emilia"]
[Black "Asgharzadeh, Mitra"]
[Result "1/2-1/2"]
[WhiteElo "2004"]
[BlackElo "2029"]
[PlyCount "82"]
[EventDate "2022.12.09"]
[EventType "swiss"]
[EventRounds "9"]
[EventCountry "UAE"]
[SourceTitle "CBM 211 Extra"]
[Source "ChessBase"]
[SourceDate "2023.01.31"]
[SourceVersion "1"]
[SourceVersionDate "2023.01.31"]
[SourceQuality "1"]

1. d4 g6 2. c4 Bg7 3. g3 e6 4. Bg2 Ne7 5. Nf3 0-0 6. 0-0 d5 7. Qc2 b6 8. Rd1 Bb7 9. Bf4 c6 10. Nbd2 Nd7 11. e4 Nf6 12. Rac1 Rc8 13. b4 Nh5 14. Be3 f5 15. exd5 exd5 16. Bg5 h6 17. Bxe7 Qxe7 18. cxd5 cxd5 19. Qb3 Kh7 20. Rxc8 Rxc8 21. Re1 Qc7 22. b5 Nxg3 23. hxg3 g5 24. Ne4 fxe4 25. Nh2 Bxd4 26. Rd1 Qc4 27. Qa3 Qc5 28. Qxa7 Bxf2+ 29. Kh1 Qc7 30. Qa3 Bxg3 31. Ng4 Be5 32. Rf1 Bf4 33. Qb2 Qc3 34. Qxc3 Rxc3 35. Rd1 Rc1 36. Rxc1 Bxc1 37. Nf6+ Kh8 38. Kg1 Bb2 39. Ng4 Bc8 40. Nh2 Bd7 41. a4 Be8 1/2-1/2

[Event "Sharjah Cup (Women) 12th"]
[Site "Sharjah"]
[Date "2022.12.14"]
[Round "7"]
[White "Dobrynina, Aleksandra"]
[Black "Asgharzadeh, Mitra"]
[Result "0-1"]
[WhiteElo "2042"]
[BlackElo "2029"]
[PlyCount "76"]
[EventDate "2022.12.09"]
[EventType "swiss"]
[EventRounds "9"]
[EventCountry "UAE"]
[SourceTitle "CBM 211 Extra"]
[Source "ChessBase"]
[SourceDate "2023.01.31"]
[SourceVersion "1"]
[SourceVersionDate "2023.01.31"]
[SourceQuality "1"]

1. d4 Nf6 2. c4 g6 3. Nc3 Bg7 4. e4 d6 5. h3 0-0 6. Be3 e5 7. d5 a5 8. Bd3 Na6 9. g4 Nd7 10. Nge2 Ndc5 11. Bc2 c6 12. Ng3 cxd5 13. cxd5 Bd7 14. a3 b5 15. Na2 b4 16. axb4 axb4 17. Nc1 Bb5 18. Qd2 Qc7 19. Bd1 b3 20. Ra3 Rfb8 21. Be2 Bxe2 22. Kxe2 Qb7 23. Kf3 Qb5 24. Qc3 Rc8 25. Qa5 Qc4 26. Qd2 Rab8 27. Qe2 Qc2 28. Rd1 f5 29. Bxc5 Nxc5 30. gxf5 gxf5 31. Nxf5 Bf8 32. Rg1+ Kh8 33. Ra7 Rb4 34. Ng3 Bh6 35. Nf5 Rf8 36. Qxc2 bxc2 37. Ra1 Rxe4 38. Ra8 Rf4+ 0-1

[Event "Sharjah Cup (Women) 12th"]
[Site "Sharjah"]
[Date "2022.12.11"]
[Round "4"]
[White "Asgharzadeh, Mitra"]
[Black "Ovezdurdiyeva, Jemal"]
[Result "0-1"]
[WhiteElo "2029"]
[BlackElo "2066"]
[PlyCount "98"]
[EventDate "2022.12.09"]
[EventType "swiss"]
[EventRounds "9"]
[EventCountry "UAE"]
[SourceTitle "CBM 211 Extra"]
[Source "ChessBase"]
[SourceDate "2023.01.31"]
[SourceVersion "1"]
[SourceVersionDate "2023.01.31"]
[SourceQuality "1"]

1. d4 Nf6 2. Bf4 g6 3. e3 Bg7 4. Be2 d6 5. h3 Nbd7 6. Nf3 b6 7. 0-0 0-0 8. c4 Bb7 9. Nc3 Ne4 10. Nxe4 Bxe4 11. Nd2 Bb7 12. Bf3 Bxf3 13. Nxf3 c5 14. Rc1 Rc8 15. Qa4 Qc7 16. Rfd1 Qb7 17. b4 cxd4 18. exd4 Rxc4 19. Rxc4 b5 20. Qb3 bxc4 21. Qxc4 Nb6 22. Qb3 Nd5 23. Bd2 Rc8 24. Rc1 Rxc1+ 25. Bxc1 e6 26. b5 Qb6 27. Qc4 Qb7 28. a4 h6 29. Ba3 Nb6 30. Qb4 Qc7 31. Nd2 Qc2 32. a5 Nd5 33. Qb2 Qa4 34. Nf3 Qxa5 35. Bxd6 Qc3 36. Qa2 Bxd4 37. Nxd4 Qxd4 38. Bb8 Nc3 39. Qa6 Qd1+ 40. Kh2 Ne2 41. h4 Qg1+ 42. Kh3 Qxf2 43. Qc8+ Kh7 44. Qb7 g5 45. hxg5 hxg5 46. g3 Ng1+ 47. Kg4 Qf5+ 48. Kh5 g4+ 49. Kh4 Nf3+ 0-1

[Event "Asia-ch U20 Girls"]
[Site "Tagaytay City"]
[Date "2022.11.24"]
[Round "8"]
[White "Asgharzadeh, Mitra"]
[Black "Nurgali, Nazerke"]
[Result "1-0"]
[WhiteElo "2001"]
[BlackElo "2197"]
[PlyCount "72"]
[EventDate "2022.11.19"]
[EventType "swiss"]
[EventRounds "9"]
[EventCountry "PHI"]
[SourceTitle "CBM 211 Extra"]
[Source "ChessBase"]
[SourceDate "2023.01.31"]
[SourceVersion "1"]
[SourceVersionDate "2023.01.31"]
[SourceQuality "1"]

1. Nf3 d5 2. g3 Nf6 3. Bg2 c5 4. 0-0 Nc6 5. d3 e5 6. Nbd2 Bd6 7. e4 d4 8. a3 0-0 9. Nh4 Bg4 10. Qe1 Nh5 11. Nf5 Bxf5 12. exf5 g6 13. fxg6 hxg6 14. Nc4 Re8 15. Bxc6 bxc6 16. Qe4 Qd7 17. Bg5 Kg7 18. Rae1 f6 19. Bd2 Bc7 20. Re2 f5 21. Qg2 Nf6 22. Rfe1 e4 23. Bg5 Nh7 24. Bd2 Nf6 25. Bg5 Nh7 26. h4 Nxg5 27. hxg5 e3 28. fxe3 Bd8 29. exd4 Qxd4+ 30. Qf2 Rxe2 31. Qxd4+ cxd4 32. Rxe2 Bxg5 33. Re6 c5 34. Ne5 Be3+ 35. Kg2 g5 36. Rc6 Bc1 1-0

[Event "Asia-ch U20 Girls"]
[Site "Tagaytay City"]
[Date "2022.11.20"]
[Round "3"]
[White "Tan, Mary Joy"]
[Black "Asgharzadeh, Mitra"]
[Result "0-1"]
[WhiteElo "1751"]
[BlackElo "2001"]
[PlyCount "82"]
[EventDate "2022.11.19"]
[EventType "swiss"]
[EventRounds "9"]
[EventCountry "PHI"]
[SourceTitle "CBM 211 Extra"]
[Source "ChessBase"]
[SourceDate "2023.01.31"]
[SourceVersion "1"]
[SourceVersionDate "2023.01.31"]
[SourceQuality "1"]

1. Nf3 Nf6 2. d4 g6 3. c4 Bg7 4. Nc3 0-0 5. g3 d6 6. Bg2 Nbd7 7. 0-0 e5 8. e4 Re8 9. h3 exd4 10. Nxd4 Nc5 11. Re1 a5 12. Qc2 c6 13. Be3 Bd7 14. Rad1 Qe7 15. Bf4 Rad8 16. Nb3 Be6 17. Nxa5 Nh5 18. Bd2 Qc7 19. b4 Na6 20. Ne2 Qb6 21. a3 Nc7 22. g4 Nf6 23. Bf4 c5 24. Be3 Nd7 25. e5 Nxe5 26. Nxb7 Rb8 27. bxc5 dxc5 28. Rb1 Qa7 29. Bxc5 Qa6 30. Rb6 Qxc4 31. Qxc4 Nxc4 32. Rbb1 Bd5 33. Bxd5 Nxd5 34. Rbc1 Ne5 35. Red1 Bh6 36. Nd6 Nf6 37. Kf1 Bxc1 38. Rd5 Bb2 39. Nf4 Red8 40. Kg2 Ne4 41. Bb4 Ra8 0-1

[Event "Olympiad Women-44"]
[Site "Chennai"]
[Date "2022.08.07"]
[Round "9.4"]
[White "Asgharzadeh, Mitra"]
[Black "Matute Escobar, Roxanny"]
[Result "0-1"]
[WhiteElo "1988"]
[BlackElo "1834"]
[PlyCount "78"]
[EventDate "2022.07.29"]
[EventType "team-swiss"]
[EventRounds "11"]
[EventCountry "IND"]
[SourceTitle "CBM 210"]
[Source "ChessBase"]
[SourceDate "2022.10.31"]
[SourceVersion "1"]
[SourceVersionDate "2022.10.31"]
[SourceQuality "1"]
[WhiteTeam "Iran (W)"]
[BlackTeam "Venezuela (W)"]
[WhiteTeamCountry "IRI"]
[BlackTeamCountry "VEN"]

1. d4 Nf6 2. Bf4 g6 3. Nc3 Bg7 4. e4 d6 5. Qd2 0-0 6. 0-0-0 Nbd7 7. f3 c6 8. g4 b5 9. h4 Qa5 10. Kb1 b4 11. Nce2 e5 12. Bh6 Nb6 13. Nc1 Na4 14. Nb3 Qc7 15. h5 Be6 16. Bxg7 Kxg7 17. hxg6 fxg6 18. dxe5 dxe5 19. Qxb4 Rad8 20. Bd3 Bxb3 21. axb3 Nb6 22. Nh3 a5 23. Qc3 a4 24. Ng5 Qe7 25. f4 h6 26. fxe5 Nxg4 27. e6+ Rf6 28. e5 Rf4 29. Nf7 Ra8 30. Bc4 axb3 31. cxb3 Nxc4 32. Rd7 Qxe6 33. Nd6+ Kg8 34. Rc7 Nxd6 35. Qxc6 Qf5+ 36. Kc1 Ra1+ 37. Kd2 Rf2+ 38. Kc3 Qxe5+ 39. Kd3 Qe3# 0-1

[Event "IRI-ch (Women)"]
[Site "Kermanshah"]
[Date "2022.03.05"]
[Round "9"]
[White "Azali, Tannaz"]
[Black "Asgharzadeh, Mitra"]
[Result "1/2-1/2"]
[WhiteElo "2100"]
[BlackElo "1950"]
[PlyCount "168"]
[EventDate "2022.02.28"]
[EventType "tourn"]
[EventRounds "11"]
[EventCountry "IRI"]
[SourceTitle "EXT 2023"]
[Source "ChessBase"]
[SourceDate "2022.10.05"]
[SourceVersion "1"]
[SourceVersionDate "2022.10.05"]
[SourceQuality "1"]

1. d4 Nf6 2. c4 g6 3. Nc3 Bg7 4. e4 d6 5. h3 0-0 6. Be3 Nc6 7. Nge2 a6 8. d5 Ne5 9. Nd4 c5 10. dxc6 Nxc6 11. Qd2 Nxd4 12. Bxd4 Be6 13. b3 Qa5 14. Rd1 Rfc8 15. Nd5 Qxd2+ 16. Rxd2 Bxd5 17. exd5 Nd7 18. Be2 Bxd4 19. Rxd4 a5 20. a4 Nc5 21. Bd1 Ra6 22. Kd2 Rb6 23. Kc3 e5 24. dxe6 fxe6 25. Bc2 d5 26. h4 Rb4 27. Ra1 Nd7 28. Re1 Rc6 29. Re3 Nb6 30. Bd3 dxc4 31. Rd8+ Kg7 32. Bxc4 Nd5+ 33. Kd4 Nxe3 34. Kxe3 Rc7 35. Rd6 Rcxc4 36. bxc4 Kf6 37. Rd7 Rxc4 38. Rxh7 b6 39. Rb7 Rxh4 40. Rxb6 Rxa4 41. Ra6 g5 42. Kf3 Ra1 43. Kg4 Ra2 44. g3 a4 45. Ra5 Rxf2 46. Rxa4 Rf5 47. Ra8 Rb5 48. Rf8+ Kg7 49. Ra8 Rc5 50. Rb8 Ra5 51. Rc8 Kf7 52. Rb8 Ra3 53. Kxg5 Rxg3+ 54. Kf4 Ra3 55. Ke4 Ra1 56. Rb3 Kf6 57. Ke3 Kf5 58. Ke2 Ra2+ 59. Ke1 e5 60. Rc3 Kf4 61. Rb3 e4 62. Rc3 Ra1+ 63. Ke2 Ra2+ 64. Ke1 Ke5 65. Rb3 Kd4 66. Rh3 Ra5 67. Rg3 Rc5 68. Rh3 Rc1+ 69. Ke2 Rc2+ 70. Ke1 Rc7 71. Rg3 Ke5 72. Ra3 Kf4 73. Rb3 Rd7 74. Ra3 Rb7 75. Rc3 Rg7 76. Ra3 Rh7 77. Rb3 Rg7 78. Ra3 Rb7 79. Rc3 Rg7 80. Ra3 e3 81. Ra8 Re7 82. Ke2 Re5 83. Ra3 Rb5 84. Ra4+ Ke5 1/2-1/2

[Event "IRI-ch (Women)"]
[Site "Kermanshah"]
[Date "2022.03.03"]
[Round "6"]
[White "Asgharzadeh, Mitra"]
[Black "Ghomi, Parnian"]
[Result "1-0"]
[WhiteElo "1950"]
[BlackElo "2026"]
[PlyCount "49"]
[EventDate "2022.02.28"]
[EventType "tourn"]
[EventRounds "11"]
[EventCountry "IRI"]
[SourceTitle "EXT 2023"]
[Source "ChessBase"]
[SourceDate "2022.10.05"]
[SourceVersion "1"]
[SourceVersionDate "2022.10.05"]
[SourceQuality "1"]

1. e4 e6 2. d3 d5 3. Nd2 Nf6 4. Ngf3 c5 5. g3 Nc6 6. Bg2 Be7 7. 0-0 Qc7 8. Re1 0-0 9. e5 Nd7 10. Qe2 f6 11. exf6 Nxf6 12. Bh3 e5 13. Bxc8 Qxc8 14. Nxe5 Nd4 15. Qd1 Qh3 16. c3 Bd6 17. cxd4 Bxe5 18. dxe5 Ng4 19. Nf3 Rf5 20. e6 Raf8 21. Bf4 g5 22. e7 Re8 23. Qe2 gxf4 24. Qe6+ Rf7 25. Qxf7+ 1-0

[Event "Wch FIDE Online U18 Girls Asia qual"]
[Site "Tornelo INT"]
[Date "2020.12.13"]
[Round "7"]
[White "Zhang, Xiao"]
[Black "Asgharzadeh, Mitra"]
[Result "1-0"]
[WhiteElo "2091"]
[BlackElo "1978"]
[PlyCount "91"]
[EventDate "2020.12.11"]
[EventType "swiss (rapid)"]
[EventRounds "7"]
[EventCountry "ISS"]
[SourceTitle "EXT 2022"]
[Source "ChessBase"]
[SourceDate "2021.10.06"]
[SourceVersion "1"]
[SourceVersionDate "2021.10.06"]
[SourceQuality "1"]

1. d4 Nf6 2. c4 g6 3. Nc3 Bg7 4. e4 d6 5. Be2 0-0 6. Bg5 c5 7. d5 e6 8. Qd2 exd5 9. exd5 Re8 10. Nf3 Na6 11. 0-0 Nc7 12. Rfe1 Bf5 13. Nh4 Bd7 14. Qf4 Re5 15. Nf3 Rxg5 16. Qxg5 a6 17. a4 b6 18. Qf4 Nh5 19. Qg5 Bf6 20. Qd2 Rb8 21. Ne4 Be7 22. b3 f5 23. Ng3 Nxg3 24. hxg3 Bf6 25. Ra2 b5 26. axb5 axb5 27. Ra7 b4 28. Qf4 Ne8 29. Bd3 Ra8 30. Rxa8 Qxa8 31. g4 fxg4 32. Nh2 Be5 33. Qg5 Qc8 34. Kh1 Ng7 35. f4 gxf3 36. Nxf3 Bd4 37. Nxd4 cxd4 38. Re7 Bf5 39. Qd2 Qf8 40. Re1 Bxd3 41. Qxd3 Qf2 42. Rf1 Qh4+ 43. Kg1 Nf5 44. Qf3 Kg7 45. g4 Ne3 46. Qf8# 1-0

[Event "Wch FIDE Online U18 Girls Asia qual"]
[Site "Tornelo INT"]
[Date "2020.12.12"]
[Round "4"]
[White "Asgharzadeh, Mitra"]
[Black "Bach, Ngoc Thuy Duong"]
[Result "1-0"]
[WhiteElo "1978"]
[BlackElo "2271"]
[PlyCount "73"]
[EventDate "2020.12.11"]
[EventType "swiss (rapid)"]
[EventRounds "7"]
[EventCountry "ISS"]
[SourceTitle "EXT 2022"]
[Source "ChessBase"]
[SourceDate "2021.10.06"]
[SourceVersion "1"]
[SourceVersionDate "2021.10.06"]
[SourceQuality "1"]

1. Nf3 d5 2. g3 c6 3. Bg2 Bg4 4. 0-0 Nd7 5. d3 Ngf6 6. h3 Bh5 7. Nbd2 e6 8. e4 dxe4 9. dxe4 Bxf3 10. Qxf3 Be7 11. Qe2 0-0 12. b3 Qc7 13. Bb2 e5 14. f4 Bc5+ 15. Kh1 Rfe8 16. Nc4 exf4 17. gxf4 b5 18. Nd2 Rad8 19. e5 Nf8 20. Ne4 Nxe4 21. Qxe4 Rd5 22. c4 bxc4 23. bxc4 Rdd8 24. Qxc6 Qa5 25. Bd5 Rb8 26. Bxf7+ Kxf7 27. Qd5+ Ke7 28. Bd4 Ne6 29. f5 Red8 30. Qxe6+ Kf8 31. f6 g6 32. Rad1 Qa3 33. Bxc5+ Qxc5 34. Rd7 Rxd7 35. Qxd7 Qxe5 36. Qg7+ Ke8 37. f7+ 1-0

[Event "Titled Tuesday intern op 5th May"]
[Site "Chess.com INT"]
[Date "2020.05.05"]
[Round "1"]
[White "Shukh, Nikolai"]
[Black "Asgharzadeh, Mitra"]
[Result "1-0"]
[WhiteElo "2467"]
[BlackElo "1978"]
[PlyCount "89"]
[EventDate "2020.05.05"]
[EventType "swiss (blitz)"]
[EventRounds "10"]
[EventCountry "USA"]
[SourceTitle "EXT 2021"]
[Source "ChessBase"]
[SourceDate "2020.10.23"]
[SourceVersion "1"]
[SourceVersionDate "2020.10.23"]
[SourceQuality "1"]

1. e4 c5 2. Nf3 d6 3. d4 cxd4 4. Nxd4 Nf6 5. Nc3 g6 6. Be3 Bg7 7. f3 0-0 8. Qd2 Nc6 9. 0-0-0 d5 10. exd5 Nxd5 11. Nxc6 bxc6 12. Bd4 Nxc3 13. Qxc3 Bh6+ 14. Be3 Bxe3+ 15. Qxe3 Qb6 16. Qxe7 Be6 17. Qa3 Rab8 18. Ba6 Rfd8 19. h4 Qf2 20. Qc3 h5 21. Qf6 Qe3+ 22. Kb1 Rxd1+ 23. Rxd1 Qb6 24. Bd3 Kh7 25. b3 c5 26. Re1 Re8 27. Re5 Kg8 28. g4 c4 29. Bxc4 Qg1+ 30. Kb2 Qd4+ 31. c3 Qd2+ 32. Ka3 Qc1+ 33. Kb4 Rb8+ 34. Rb5 a5+ 35. Ka4 Rxb5 36. Bxb5 Qb2 37. Kxa5 Qxa2+ 38. Kb6 Qxb3 39. gxh5 Bc4 40. Qd8+ Kg7 41. Qd4+ Kh7 42. Qxc4 Qc2 43. hxg6+ fxg6 44. Qe4 Kh6 45. Qxc2 1-0

[Event "Titled Tuesday intern op 21st April"]
[Site "Chess.com INT"]
[Date "2020.04.21"]
[Round "4"]
[White "Asgharzadeh, Mitra"]
[Black "Sokolin, Leonid M"]
[Result "0-1"]
[WhiteElo "1978"]
[BlackElo "2497"]
[PlyCount "64"]
[EventDate "2020.04.21"]
[EventType "swiss (blitz)"]
[EventRounds "10"]
[EventCountry "USA"]
[SourceTitle "EXT 2021"]
[Source "ChessBase"]
[SourceDate "2020.10.23"]
[SourceVersion "1"]
[SourceVersionDate "2020.10.23"]
[SourceQuality "1"]

1. d4 Nf6 2. Nf3 e6 3. e3 d5 4. Bd3 c5 5. Nbd2 Nc6 6. c3 Bd6 7. 0-0 0-0 8. e4 cxd4 9. cxd4 dxe4 10. Nxe4 Nxe4 11. Bxe4 Be7 12. Be3 Bf6 13. Rc1 Qd6 14. Qa4 Bd7 15. Rfd1 Nb4 16. Qb3 Rab8 17. a3 Bc6 18. Bxc6 Nxc6 19. d5 exd5 20. Rxd5 Qe6 21. Rcd1 Rfe8 22. h3 h6 23. Nd4 Nxd4 24. Bxd4 Bxd4 25. R1xd4 Qe1+ 26. Kh2 Qxf2 27. Qd3 g6 28. b4 Re3 29. Rd8+ Rxd8 30. Rxd8+ Kh7 31. Qd6 Re2 32. Qd5 Qf4+ 0-1

[Event "Titled Tuesday intern op 3rd March"]
[Site "Chess.com INT"]
[Date "2020.03.03"]
[Round "9"]
[White "Banawa, Jake Carlos"]
[Black "Asgharzadeh, Mitra"]
[Result "1-0"]
[WhiteElo "2413"]
[BlackElo "1978"]
[PlyCount "129"]
[EventDate "2020.03.03"]
[EventType "swiss (blitz)"]
[EventRounds "10"]
[EventCountry "USA"]
[SourceTitle "EXT 2021"]
[Source "ChessBase"]
[SourceDate "2020.10.23"]
[SourceVersion "1"]
[SourceVersionDate "2020.10.23"]
[SourceQuality "1"]

1. d4 Nf6 2. c4 g6 3. Nc3 Bg7 4. e4 d6 5. Nf3 0-0 6. Be2 Nbd7 7. 0-0 e5 8. Be3 Re8 9. d5 Nc5 10. Nd2 a5 11. a3 a4 12. Bxc5 dxc5 13. Nxa4 b6 14. b4 Bd7 15. Nc3 cxb4 16. axb4 Qe7 17. Qb3 Bf8 18. Rab1 Ra7 19. Nb5 Bxb5 20. cxb5 Rea8 21. Rfc1 Ra4 22. Rc6 Rxb4 23. Qc2 Rxb1+ 24. Nxb1 Ne8 25. g3 Qb4 26. Nd2 Ra1+ 27. Kg2 Bc5 28. Nb3 Bd6 29. Nd2 Nf6 30. Nc4 Bc5 31. Rxf6 Qe1 32. Ne3 Rc1 33. Qb2 Bd4 34. Qa2 Ra1 35. Qc2 Rc1 36. Qd3 Rc3 37. Qd1 Rc1 38. Qxe1 Rxe1 39. Kf3 Bc5 40. Rc6 Bd6 41. Nc4 Rb1 42. Nxd6 cxd6 43. Rxb6 Rb3+ 44. Kg2 Rb2 45. Bf1 Kg7 46. Rxd6 Rb4 47. f3 Kf8 48. Rd7 Rb2+ 49. Kg1 Ke8 50. Rc7 Rb1 51. d6 h5 52. d7+ Kd8 53. Rb7 f5 54. exf5 gxf5 55. Kf2 Rb2+ 56. Ke3 Rb3+ 57. Kd2 Rb2+ 58. Kc3 Rb1 59. Bd3 Rc1+ 60. Kd2 Ra1 61. Bxf5 Ra2+ 62. Kc3 Rxh2 63. Rb8+ Ke7 64. d8Q+ Kf7 65. Qf8# 1-0

[Event "Titled Tuesday intern op1 3rd March  "]
[Site "Chess.com INT"]
[Date "2020.03.03"]
[Round "5"]
[White "Sadilek, Peter"]
[Black "Asgharzadeh, Mitra"]
[Result "1-0"]
[WhiteElo "2330"]
[BlackElo "1978"]
[PlyCount "49"]
[EventDate "2020.03.03"]
[EventType "swiss (blitz)"]
[EventRounds "10"]
[EventCountry "USA"]
[SourceTitle "EXT 2021"]
[Source "ChessBase"]
[SourceDate "2020.10.23"]
[SourceVersion "1"]
[SourceVersionDate "2020.10.23"]
[SourceQuality "1"]

1. d4 d5 2. c4 e6 3. Nf3 Nf6 4. g3 Bb4+ 5. Bd2 Be7 6. Bg2 0-0 7. 0-0 c6 8. Qc2 b6 9. Rc1 Bb7 10. cxd5 exd5 11. Nc3 Nbd7 12. Bf4 Rc8 13. Qb3 Re8 14. Rd1 Nf8 15. Rac1 Ng6 16. Ne5 Nxf4 17. gxf4 Nd7 18. e4 dxe4 19. Qxf7+ Kh8 20. Qh5 Nxe5 21. dxe5 Qc7 22. Bxe4 g6 23. Bxg6 Bc5 24. Bxe8 Qg7+ 25. Kh1 1-0